Analýza indikátorů Evropa 2020 regresní analýzou

Európa 2020 je súbor ôsmich indikátorov využívaných Európskou komisiou na monitoring cieľov Stratégie pre inteligentný, udržateľný a inkluzívny rast. Aplikácia robustnej analýzy vzhľadom na množstvo odľahlých hodnôt parametrov. Analýza preukázala absenciu platnosti niektorých všeobecných teoretickýc...

Ausführliche Beschreibung

Gespeichert in:
Bibliographische Detailangaben
1. Verfasser: Blatná, Dagmar
Weitere Verfasser: Hudrlíková, Lenka
Format: Buchkapitel
Sprache:Tschechisch
Schlagworte:
Tags: Tag hinzufügen
Keine Tags, Fügen Sie das erste Tag hinzu!

MARC

LEADER 00000naa a2200000 4500
001 0191002
005 20231116110741.7
041 0 |a cze 
044 |a CZ 
245 1 0 |a Analýza indikátorů Evropa 2020 regresní analýzou  |c Dagmar Blatná, Lenka Hudrlíková 
520 |a Európa 2020 je súbor ôsmich indikátorov využívaných Európskou komisiou na monitoring cieľov Stratégie pre inteligentný, udržateľný a inkluzívny rast. Aplikácia robustnej analýzy vzhľadom na množstvo odľahlých hodnôt parametrov. Analýza preukázala absenciu platnosti niektorých všeobecných teoretických predpokladov pre určité krajiny EÚ. 
610 2 0 |a Európska komisia 
610 2 0 |a regresia 
610 2 0 |a parametre ekonomické 
610 2 0 |a ukazovatele makroekonomické 
610 2 0 |a ukazovatele sociálne 
610 2 0 |a environmentalistika 
100 1 |a Blatná, Dagmar 
700 1 |a Hudrlíková, Lenka